Iver na quinta (Registo nº 2642)

Detalhes MARC
000 -Etiqueta do registo
Cabeçalho 00834nam a22003011 4500
005 - Identificador da versão
Campo de controlo 20240827170252.0
010 ## - Número internacional normalizado dos livros (ISBN)
Número (ISBN) 9722023500
021 ## - Número do Depósito Legal
Código do país PT
Número 185315/02
100 ## - Dados gerais de processamento
Dados gerais de processamento 20060617d2002 bc y0pory5003 ba
101 1# - Língua de publicação
Língua do texto, banda sonora, etc. Português
Língua do documento no original Inglês
102 ## - Pais de publicação ou produção
País de publicação Portugal
105 ## - Campo de dados codificados: livros
Dados codificados dos livros a z 000zy
106 ## - Campo de dados codificados: material textual
Dados codificados do material textual r
200 1# - Titulo e menção de responsabilidade
Título próprio Iver na quinta
Primeira menção de responsabilidade Jim Henson
Outras menções de responsabilidade il. Aurora Gómez
-- trad. Fernanda Campos
205 ## - Menção da edição
Menção da edição 1ª ed
210 ## - Publicação, Distribuição, etc. 
Lugar da edição, distribuição, etc. Lisboa
Nome do editor, distribuidor, etc. Dom Quixote
Data da publicação, distribuição, etc. 2002
215 ## - Descrição física 
Indicação específica da natureza do documento e extensão da espécie [10] p.
Outras indicações físicas muito il.
Dimensões 16 cm
225 2# - Colecção 
Título próprio da colecção Os Hoobs
300 ## - Notas gerais 
Texto da nota Série da RTP
304 ## - Notas relativas a título e menção de responsabilidade 
Texto da nota Tít. orig.: Iver en la granja
606 ## - Nome comum usado como assunto
Número de registo de entrada de autoridade 0000001
Palavra de ordem Literatura estrangeira infantil
Subdivisão de assunto Conto
675 ## - Classificação Decimal Universal (CDU)
Notação 82-34
Edição
Língua da edição por
700 #1 - Nome de autor-pessoa física (responsabilidade principal)
Número de registo de entrada de autoridade 0001459
Palavra de ordem Henson
Outra parte do nome não tomada para palavra de ordem Jim
702 #1 - Nome de autor-pessoa física (responsabilidade secundária)
Número de registo de entrada de autoridade 0001460
Palavra de ordem Gómez
Outra parte do nome não tomada para palavra de ordem Aurora
Código de função Ilustrador / Técnico de desenho computorizado
Número de registo de entrada de autoridade 0000710
Palavra de ordem Campos
Outra parte do nome não tomada para palavra de ordem Fernanda
Código de função Tradutor
942 ## - Elementos de entrada adicionados (Koha)
Tipo de item no Koha Livro
Exemplares
Situação do levantamento Origin of item (home branch) (coded) Biblioteca de empréstimo Código de barras Cota Circulation type (not for loan) Tipo de documento Nota do exemplar Damaged status
  Biblioteca Escolar da Coca Maravilhas Biblioteca Escolar da Coca Maravilhas BECM7492/06 8EST HEN   Livro Sem mensagem